Microcomputer applications (Бичлэгийн дугаар. 145704)
| 000 -УДИРДЛАГА | |
|---|---|
| Удирдлага | 00854nam a22003137a 4500 |
| 003 - ХЯНАЛТЫН ТОО ТОДОРХОЙЛОГЧ | |
| Код | MN-UlNUM |
| 005 - БИЧИЛТ ХИЙСЭН ОГНОО | |
| Тухайн бичилтийг бичсэн засварласан сүүлийн огноо | 20251119155728.0 |
| 008 - ЕРӨНХИЙ МЭДЭЭЛЭЛ | |
| Ерөнхий мэдээлэл | 251119b1989 nyu||||| |||| 001 0 eng | |
| 020 ## - ISBN | |
| ISBN | 0070241465 |
| 040 ## - БИЧЛЭГ ҮҮСГЭГЧ БАЙГУУЛЛАГА | |
| Бичлэг үүсгэгч номын сангийн код | МУИС-ийн номын сан |
| 084 ## - ББК АНГИЛАЛ | |
| Нэмэлт тусгалт | Гарын авлага |
| ББК ангилал | 92 |
| Зохиогчийн гурван тэмдэгт | G 71 |
| Мэдлэгийн ялгаа | 9 - Лавлах хэвлэл |
| 100 1# - ЗОХИОГЧ | |
| Зохиогчийн нэр | Grauer, Robert T., |
| Зохиогчийн огноо | 1945- |
| 245 10 - ҮНДСЭН ГАРЧИГ | |
| Номын нэр | Microcomputer applications |
| Оролцогчдын тухай мэдээ | Robert T. Grauer, Paul K. Sugrue. |
| 250 ## - ДАХИН ХЭВЛЭЛТ | |
| Дахин гаралтын дугаар | 2nd ed. |
| 260 ## - ГАРАЛТЫН МЭДЭЭ | |
| Хэвлэгдсэн газар | New York : |
| Хэвлэлийн газар | McGraw-Hill, |
| Хэвлэгдсэн он | 1989. |
| 300 ## - МАТЕРИАЛЫН ТОДОРХОЙЛОЛТ | |
| хуудасны тоо | 170p.: |
| 500 ## - Тайлбар | |
| Дансны дугаар | БС 3967 |
| 546 ## - ХЭЛНИЙ ТУХАЙ МЭДЭЭ | |
| Хэл | Англи хэл дээр, |
| 653 ## - Түлхүүр үг | |
| Түлхүүр үг | microcomputers |
| 700 1# - ХАМ ЗОХИОГЧИД | |
| Ба бус | Sugrue, Paul K. |
| 740 ## - НОМЫН ГАРЧИГ | |
| Гарчиг | PC/MS DOS |
| 740 ## - НОМЫН ГАРЧИГ | |
| Гарчиг | WordPerfect 4.2 |
| 740 ## - НОМЫН ГАРЧИГ | |
| Гарчиг | Lotus 1-2-3 / VP Planner |
| 740 ## - НОМЫН ГАРЧИГ | |
| Гарчиг | dBASE III Plus |
| 740 ## - НОМЫН ГАРЧИГ | |
| Гарчиг | Business Case Studies |
| 942 ## - ЭЛЕМЕНТИЙН ТӨРӨЛ | |
| Зүйлийн төрөл | Ном |
